000 00509pab a2200181 454500
008 180718b2014 xxu||||| |||| 00| 0 eng d
100 _aPickerill, J. Mitchell
245 _aPolarized parties, politics, and policies: Fragmented federalism in 2013-14
260 _c2014
300 _ap.369-398.
362 _aSummer
650 _aFederalism - United States
650 _aFederalism
700 _aBowling, Cynthia J.
773 _aPublius: The Journal of Federalism
908 _aN
909 _a104828
999 _c104823
_d104823